The general / (Record no. 2670)

MARC details
000 -LEADER
fixed length control field 02002cam a22005297i 4500
001 - CONTROL NUMBER
control field 2670
003 - CONTROL NUMBER IDENTIFIER
control field FISKH
005 - DATE AND TIME OF LATEST TRANSACTION
control field 20240109140825.0
008 - FIXED-LENGTH DATA ELEMENTS--GENERAL INFORMATION
fixed length control field 150316s2016 nyu d 000 1 eng d
010 ## - LIBRARY OF CONGRESS CONTROL NUMBER
LC control number 2015936202
020 ## - INTERNATIONAL STANDARD BOOK NUMBER
International Standard Book Number 9781481456661
Qualifying information (hardcover)
020 ## - INTERNATIONAL STANDARD BOOK NUMBER
International Standard Book Number 1481456660
Qualifying information (hardcover)
020 ## - INTERNATIONAL STANDARD BOOK NUMBER
International Standard Book Number 9781481456678
020 ## - INTERNATIONAL STANDARD BOOK NUMBER
International Standard Book Number 1481456679
020 ## - INTERNATIONAL STANDARD BOOK NUMBER
Canceled/invalid ISBN 9781481456685
020 ## - INTERNATIONAL STANDARD BOOK NUMBER
International Standard Book Number 9780340931844
035 ## - SYSTEM CONTROL NUMBER
System control number (OCoLC)ocn947067212
040 ## - CATALOGING SOURCE
Original cataloging agency UOK
Language of cataloging eng
Transcribing agency UOK
Description conventions rda
Modifying agency GMP
-- BTCTA
-- BDX
-- YDXCP
-- CO2
-- OCLCF
-- SXP
-- DLC
042 ## - AUTHENTICATION CODE
Authentication code lccopycat
043 ## - GEOGRAPHIC AREA CODE
Geographic area code n-us-nv
050 00 - LIBRARY OF CONGRESS CALL NUMBER
Classification number PZ7.M869647
Item number Ge 2016
082 04 - DEWEY DECIMAL CLASSIFICATION NUMBER
Classification number 823.92
Edition number 23
100 1# - MAIN ENTRY--PERSONAL NAME
Personal name Muchamore, Robert,
245 14 - TITLE STATEMENT
Title The general /
Statement of responsibility, etc. Robert Muchamore.
250 ## - EDITION STATEMENT
Edition statement This edition published in 2014
260 ## - PUBLICATION, DISTRIBUTION, ETC.
Place of publication, distribution, etc. New York :
Name of publisher, distributor, etc. Hodder Children's Books,
Date of publication, distribution, etc. 2008
300 ## - PHYSICAL DESCRIPTION
Extent 344 pages ;
Dimensions 20 cm
336 ## - CONTENT TYPE
Content type term text
Source rdacontent
337 ## - MEDIA TYPE
Media type term unmediated
Source rdamedia
338 ## - CARRIER TYPE
Carrier type term volume
Source rdacarrier
500 ## - GENERAL NOTE
General note Originally published in Great Britain in 2008 by Hodder Children's Books.
520 ## - SUMMARY, ETC.
Summary, etc. The world's largest urban warfare training compound stands in the desert near Las Vegas. Forty British commandos are being hunted by and entire American battalion. But their commander has an ace up his sleeve, he plans to smuggle in ten CHERUB agents and fight the best war game ever.
521 1# - TARGET AUDIENCE NOTE
Target audience note Ages 14 up.
650 #0 - SUBJECT ADDED ENTRY--TOPICAL TERM
Topical term or geographic name entry element Adventure stories.
650 #7 - SUBJECT ADDED ENTRY--TOPICAL TERM
Topical term or geographic name entry element Adventure stories.
Source of heading or term fast
Authority record control number or standard number (OCoLC)fst00797462
655 #0 - INDEX TERM--GENRE/FORM
Genre/form data or focus term Young adult fiction.
655 #7 - INDEX TERM--GENRE/FORM
Genre/form data or focus term Action and adventure fiction.
Source of term fast
Authority record control number or standard number (OCoLC)fst01921574
655 #7 - INDEX TERM--GENRE/FORM
Genre/form data or focus term Fiction.
Source of term fast
Authority record control number or standard number (OCoLC)fst01423787
655 #7 - INDEX TERM--GENRE/FORM
Genre/form data or focus term Spy stories.
Source of term fast
Authority record control number or standard number (OCoLC)fst01726748
655 #7 - INDEX TERM--GENRE/FORM
Genre/form data or focus term Young adult works.
Source of term fast
Authority record control number or standard number (OCoLC)fst01726790
655 #7 - INDEX TERM--GENRE/FORM
Genre/form data or focus term Spy stories.
Source of term gsafd
655 #7 - INDEX TERM--GENRE/FORM
Genre/form data or focus term Adventure fiction.
Source of term gsafd
655 #7 - INDEX TERM--GENRE/FORM
Genre/form data or focus term Spy fiction.
Source of term lcgft
655 #7 - INDEX TERM--GENRE/FORM
Genre/form data or focus term Action and adventure fiction.
Source of term lcgft
906 ## - LOCAL DATA ELEMENT F, LDF (RLIN)
a 7
b cbc
c copycat
d 2
e epcn
f 20
g y-gencatlg
942 ## - ADDED ENTRY ELEMENTS (KOHA)
Source of classification or shelving scheme Dewey Decimal Classification
Koha item type Books
Suppress in OPAC No
Holdings
Withdrawn status Lost status Source of classification or shelving scheme Damaged status Not for loan Collection Home library Current library Shelving location Date acquired Total Checkouts Full call number Barcode Date last seen Date last checked out Price effective from Koha item type
    Dewey Decimal Classification     Fiction Footprints International School Library Network Toul Kork Campus Footprints International School Library Network Toul Kork Campus   01/09/2024 1 MUC Fic PZ7.M869647 2024-0006 10/31/2025 10/31/2025 01/09/2024 Books